| 000 | 00640nam a2200229Ia 4500 | ||
|---|---|---|---|
| 003 | GCL | ||
| 008 | 140319s9999 xx 000 0 ara d | ||
| 040 |
_aGCL / _cGCL |
||
| 082 | 0 | 4 |
_a791.347 _bب ك |
| 100 | 1 | _aبليكستون، أوزويل | |
| 245 | 1 | 0 |
_aكيف تكتب السيناريو ? / _cبليكستون، أوزويل |
| 700 | 1 | _aاحمد مختار الجمال | |
| 700 | 1 | _aفريد المزاوى | |
| 700 | 1 | _aبول روثا | |
| 300 | _a304 | ||
| 490 |
_aكتاب _v0 |
||
| 650 | 0 | 4 | _aالسينما |
| 650 | 0 | 4 | _aالافلام |
| 650 | 0 | 4 | _aالحوار |
| 650 | 0 | 4 | _aالسيناريو |
| 942 |
_2ddc _cBK |
||
| 999 |
_c41882 _d41882 |
||